Americans and Macao

Bibliografiska uppgifter
Huvudupphovsman: Van Dyke
Materialtyp: Elektronisk E-bok
Språk:English
Publicerad: Hong Kong University Press, HKU
Ämnen:
Länkar:Full text available on Project MUSE [5/19/13]
Off-campus access
LEADER 01047pam a2200253 a 4500
001 AALebookProjectMUSE019913
003 BD-DhAAL
006 m||||||||d||||||||
007 cr||||||||||||
008 221121s9999 xxuabf fo j 001 0 eng d
020 |a 9789882208513 
020 |a 9789888083923 
040 |a BD-DhAAL  |c BD-DhAAL 
100 1 |a Van Dyke 
245 0 0 |h [electronic resource]  |a Americans and Macao 
260 |b Hong Kong University Press, HKU 
300 |a 1 online resource 
500 |a <strong>Off-Campus Access:</strong> Athens ID and Password Required 
500 |a <strong>On-Campus Access:</strong> No User ID or Password Required 
506 |a Electronic access restricted to authorized BRAC University faculty, staff and students 
538 |a Mode of access: Internet 
655 7 |a Electronic books  |2 Library of Congress 
856 4 0 |z Full text available on Project MUSE [5/19/13]  |u https://muse.jhu.edu/book/22046 
856 4 0 |z Off-campus access  |u https://go.openathens.net/redirector/bracu.ac.bd?url=https%3A%2F%2Fmuse.jhu.edu%2Fbook%2F22046